| 000 | 01419nam a2200469 a 4500 | ||
|---|---|---|---|
| 003 | AR-BaBNM | ||
| 005 | 20251128203525.0 | ||
| 008 | 082120s2002 ||||||||||||||000 | spa|| | ||
| 040 | _cAR-BaBNM | ||
| 100 | 1 | _aHylla, Erich | |
| 245 | 0 | 0 |
_aLas escuelas y la enseñanza en Europa Occidental _n2 |
| 250 | _a1ª ed. | ||
| 260 |
_aBuenos Aires _bKapelusz _c1960 |
||
| 300 |
_ap. 353-761 _bláms. |
||
| 490 | 0 | _aBiblioteca de cultura pedagógica | |
| 504 | _aBibliografía al final de cada capítulo | ||
| 650 | 4 | _aORGANIZACION ESCOLAR | |
| 650 | 4 | _aOBJETIVOS EDUCACIONALES | |
| 650 | 4 | _aINSPECCION DE ESCUELAS | |
| 650 | 4 | _aPLANES EDUCACIONALES | |
| 650 | 4 | _aFORMACION DE DOCENTES | |
| 650 | 4 | _aCONDICIONES DE TRABAJO DEL DOCENTE | |
| 650 | 4 | _aREMUNERACION DE LOS DOCENTES | |
| 650 | 4 | _aREFORMA DE LA EDUCACION | |
| 650 | 4 | _aACTIVIDADES FUERA DE PROGRAMA | |
| 651 | 4 | _aPaíses Bajos | |
| 651 | 4 | _aSuiza | |
| 651 | 4 | _aFrancia | |
| 651 | 4 | _aDinamarca | |
| 651 | 4 | _aAlemania | |
| 653 | _aINSTALACIONES EDUCATIVAS | ||
| 653 | _aMETODOS EDUCATIVOS | ||
| 700 | 1 | _aWrinkle, Williams L. | |
| 700 | 1 |
_aHilker, Franz _ecolaborador |
|
| 700 | 1 |
_aLangeveld, Martinus J. _ecolaborador |
|
| 700 | 1 |
_aRotten, Elisabeth _ecolaborador |
|
| 700 | 1 |
_aSantelli, César _ecolaborador |
|
| 700 | 1 |
_aVorbeck, C.F. _ecolaborador |
|
| 700 | 1 |
_aMonsted, K.B. _ecolaborador |
|
| 942 | _cBK | ||
| 998 | _cCarmen | ||
| 999 |
_c3781 _d3781 |
||